| 000 | 00655nmm a2200169Ia 4500 | ||
|---|---|---|---|
| 008 | 251105s9999||||xx |||||||||||||||||und|| | ||
| 020 | _a9786072629240 | ||
| 041 | _aspa | ||
| 100 | _aColina Rubio, Ricardo | ||
| 245 | 0 |
_aBreve diccionario enciclopédico Guadalupano : _b Noticia de los libros, documentos, inscripciones y autores que tratan, mencionan o aluden a la aparición y devoción de Nuestra Señora de Guadalupe |
|
| 264 |
_a[México D.C., Mexico] : _bBonilla Artigas Editores, _c2025 |
||
| 300 | _a698 páginas | ||
| 490 | _aNovohispana | ||
| 650 | _aReligion(s) | ||
| 856 | _uhttps://public.digitaliapublishing.com/a/180731 | ||
| 942 | _cCF | ||
| 999 |
_c75735 _d75735 |
||